| 000 | 00509nam a2200169 i 4500 | ||
|---|---|---|---|
| 001 | 130868 | ||
| 003 | ES-MaACL | ||
| 005 | 20230906193850.0 | ||
| 007 | t| | ||
| 008 | 070810s1958 sp ||||1| spa d | ||
| 100 | 1 |
_aZepeda-Henríquez, Eduardo. _9118193 |
|
| 245 | 1 | 0 |
_aComo llanuras / _cEduardo Zepeda-Henríquez. |
| 260 |
_aMadrid : _bEspasa-Calpe, _c[1958] |
||
| 300 |
_a120 p. ; _c20 cm. |
||
| 852 |
_aES-MaACL _jC-14071 _bR.42059 |
||
| 852 |
_aES-MaACL _jG-4617 _bR.142953 _q. - Ded. autógr. del autor |
||
| 999 |
_c130868 _d130868 |
||